<?xml version="1.0" encoding="UTF-8"?><?xml-stylesheet type="text/xsl" href="static/style.xsl"?><OAI-PMH xmlns="http://www.openarchives.org/OAI/2.0/" xmlns:xsi="http://www.w3.org/2001/XMLSchema-instance" xsi:schemaLocation="http://www.openarchives.org/OAI/2.0/ http://www.openarchives.org/OAI/2.0/OAI-PMH.xsd"><responseDate>2026-06-02T21:36:51Z</responseDate><request verb="GetRecord" identifier="oai:riuma.uma.es:10630/36772" metadataPrefix="marc">https://riuma.uma.es/rest/oai/request</request><GetRecord><record><header><identifier>oai:riuma.uma.es:10630/36772</identifier><datestamp>2026-02-03T11:19:21Z</datestamp><setSpec>com_10630_2254</setSpec><setSpec>col_10630_37953</setSpec></header><metadata><record xmlns="http://www.loc.gov/MARC21/slim" xmlns:dcterms="http://purl.org/dc/terms/" xmlns:doc="http://www.lyncode.com/xoai" xmlns:xsi="http://www.w3.org/2001/XMLSchema-instance" xsi:schemaLocation="http://www.loc.gov/MARC21/slim http://www.loc.gov/standards/marcxml/schema/MARC21slim.xsd">
   <leader>00925njm 22002777a 4500</leader>
   <datafield ind2=" " ind1=" " tag="042">
      <subfield code="a">dc</subfield>
   </datafield>
   <datafield ind2=" " ind1=" " tag="720">
      <subfield code="a">De la Vega, Rocío</subfield>
      <subfield code="e">author</subfield>
   </datafield>
   <datafield ind2=" " ind1=" " tag="720">
      <subfield code="a">Racine, Mélanie</subfield>
      <subfield code="e">author</subfield>
   </datafield>
   <datafield ind2=" " ind1=" " tag="720">
      <subfield code="a">Tomé-Pires, Catarina</subfield>
      <subfield code="e">author</subfield>
   </datafield>
   <datafield ind2=" " ind1=" " tag="720">
      <subfield code="a">Castarlenas, Elena</subfield>
      <subfield code="e">author</subfield>
   </datafield>
   <datafield ind2=" " ind1=" " tag="720">
      <subfield code="a">Jensen, Mark P.</subfield>
      <subfield code="e">author</subfield>
   </datafield>
   <datafield ind2=" " ind1=" " tag="720">
      <subfield code="a">Miró, Jordi</subfield>
      <subfield code="e">author</subfield>
   </datafield>
   <datafield ind2=" " ind1=" " tag="720">
      <subfield code="a">Sánchez-Rodríguez, Elisabet</subfield>
      <subfield code="e">author</subfield>
   </datafield>
   <datafield ind2=" " ind1=" " tag="260">
      <subfield code="c">2016</subfield>
   </datafield>
   <datafield ind2=" " ind1=" " tag="520">
      <subfield code="a">Objectives. Pain has been shown to be associated with poor sleep quality. The aim of this study was to better understand the role that pain intensity and pain extent (number of painful areas) may play in the sleep quality of young people with acute and chronic pain.&#xd;
Design. Cross-sectional survey. Setting and Patients. A convenience sample of adolescents and young adults with acute or chronic pain; 414 individuals ages 12 to 24 (44% with chronic pain).&#xd;
Methods. We performed a hierarchical regression analysis with sleep as the dependent variable and pain intensity, extent, age and pain chronicity as predictors.&#xd;
Results. Pain extent and pain intensity made significant and independent contributions to the prediction of sleep quality (bs50.23 [P&lt; 0.001] and 0.14 [P&lt; 0.01]). Young adults reported poorer sleep than adolescents (b50.13, P&lt; 0.01). Two significant interactions emerged: age 3 intensity (b50.39, P&lt; 0.05) and chronicity 3 intensity (b50.88, P&lt; 0.001).&#xd;
Conclusions. Sleep quality in young people could be improved by teaching them strategies to better manage pain intensity and pain extent. Clinical trials to evaluate the efficacy of (and best timing for) pain interventions to improve sleep quality are warranted.</subfield>
   </datafield>
   <datafield ind1="8" ind2=" " tag="024">
      <subfield code="a">De la Vega, R., Racine, M., Sánchez-Rodríguez, E., Tomé-Pires, C., Castarlenas, E., Jensen, M.P., Miró, J. (2016). Pain extent, pain intensity, and sleep quality in adolescent and young adults. Pain Medicine. 17(11), 1971-1977. PMID: 27296056. doi: 10.1093/pm/pnw118</subfield>
   </datafield>
   <datafield ind1="8" ind2=" " tag="024">
      <subfield code="a">https://hdl.handle.net/10630/36772</subfield>
   </datafield>
   <datafield ind1="8" ind2=" " tag="024">
      <subfield code="a">10.1093/pm/pnw118</subfield>
   </datafield>
   <datafield tag="653" ind2=" " ind1=" ">
      <subfield code="a">Dolor</subfield>
   </datafield>
   <datafield ind2="0" ind1="0" tag="245">
      <subfield code="a">Pain extent, pain intensity, and sleep quality in adolescent and young adults</subfield>
   </datafield>
</record>
</metadata></record></GetRecord></OAI-PMH>